000 01177nas a2200349 4500
001 BR2012002713
003 BR-BrBNA
005 20231205120449.0
007 ta
008 230509b bl.|||p| |||| 00| 00por d
040 _aBR-BrBNA
_bpor
_cBiblioteca Nacional de Agricultura
041 _a(Pt)
072 _aL40; L53
100 1 _aFerreira, A.O.
100 1 _aMorini, A.C.
100 1 _aFavaron, P.O.
100 1 _aPassos, C.C.
100 1 _aCampos, D.B.
100 1 _aMiglino, M.A.
100 1 _aGuerra, R.R.
245 1 _aAvaliação morfológica das membranas fetais e da placenta de Mazama gouazoubira (veado-catingueiro)de vida livre no terço inicial da gestação
246 1 _aMorphological evaluation of fetal membranes and placenta of wild life Mazama gouazoubira deer in the first third of pregnancy
650 _aVEADO
650 _aMORFOLOGIA ANIMAL
650 _aPLACENTA
650 _aFETO
650 _aEMBRIÃO ANIMAL
650 _aPRENHEZ
773 0 _tPesquisa Veterinária Brasileira (Brazil)
_xISSN 0100-736X
_g(Jul 2011), v. 31(7) p. 631-635
_wBR2012002713
909 _a202311
_bLúcia
_c55
_dLúcia Elande
942 _2AGRIS
_n0
_cANA
999 _c218633
_d218633